The R. O. T. C manual : Coast artillery

This section is divided into ten chapters, dealing briefly with the following subjects: the relationships of the American citizen to his governments, a brief outline of the military history and policy of the United States.

Wedi'i Gadw mewn:
Manylion Llyfryddiaeth
Fformat: Llyfr
Iaith:Undetermined
Cyhoeddwyd: Washington, D.C. The Military Service Publishing Company 1941
Pynciau:
Tagiau: Ychwanegu Tag
Dim Tagiau, Byddwch y cyntaf i dagio'r cofnod hwn!
Thư viện lưu trữ: Trung tâm Học liệu Trường Đại học Cần Thơ
LEADER 00800nam a2200193Ia 4500
001 CTU_223524
008 210402s9999 xx 000 0 und d
082 |a 355.821 
082 |b R842/Vol.1 
245 4 |a The R. O. T. C manual : 
245 0 |b Coast artillery 
260 |a Washington, D.C. 
260 |b The Military Service Publishing Company 
260 |c 1941 
520 |a This section is divided into ten chapters, dealing briefly with the following subjects: the relationships of the American citizen to his governments, a brief outline of the military history and policy of the United States. 
650 |a Hoa Kỳ,United States 
650 |x Quân đội,Pháo binh bờ biển,Army,Coast Artillery 
904 |i Trúc 
980 |a Trung tâm Học liệu Trường Đại học Cần Thơ